ბათუმის შოთა რუსთაველის სახელმწიფო უნივერსიტეტის ბიბლიოთეკა

Неврологический журнал, №3 том 22 2016. (ბიბ.ჩანაწერი № 54216)

000 -LEADER
fixed length control field 00562nam a2200193Ia 4500
001 - CONTROL NUMBER
control field 21272
003 - CONTROL NUMBER IDENTIFIER
control field GE_BSU
008 - FIXED-LENGTH DATA ELEMENTS--GENERAL INFORMATION
fixed length control field 181216s||||||||xx |||||||||||||| ||und||
040 ## - CATALOGING SOURCE
Transcribing agency GE_BSU
245 ## - TITLE STATEMENT
Title Неврологический журнал, №3 том 22 2016.
245 ## - TITLE STATEMENT
Remainder of title Journal of Neorology.
245 ## - TITLE STATEMENT
Statement of responsibility, etc. Гл. ред.Н.Н. ЯХНО и др.
260 ## - PUBLICATION, DISTRIBUTION, ETC.
Place of publication, distribution, etc. Москва
260 ## - PUBLICATION, DISTRIBUTION, ETC.
Date of publication, distribution, etc. 2017
300 ## - PHYSICAL DESCRIPTION
Extent 156 стр. 29см.
653 ## - INDEX TERM--UNCONTROLLED
Uncontrolled term Медицина
653 ## - INDEX TERM--UNCONTROLLED
Uncontrolled term Неврологический журнал, №3 том 22 2016.
942 ## - ADDED ENTRY ELEMENTS (KOHA)
Koha item type პერიოდიკა
ეგზემპლარები
Withdrawn status Lost status Damaged status Not for loan Date acquired Barcode Date last seen Price effective from Koha item type Public note
        2018-12-17 p 78770 2018-12-17 2018-12-17 პერიოდიკა პერიოდიკა
        2018-12-17 p 78891 2018-12-17 2018-12-17 პერიოდიკა პერიოდიკა